| 000 | 00559nam a22001695i 4500 | ||
|---|---|---|---|
| 001 | 165292 | ||
| 003 | ES-MaACL | ||
| 005 | 20250716062536.0 | ||
| 008 | 050906s1864 xxkac | |||||||| ||eng d | ||
| 040 |
_aCAM _bspa _cCAM |
||
| 100 | 1 |
_aShakespeare, William, _d1564-1616 _9105992 |
|
| 245 | 1 | 4 |
_aThe complete works of Shakspere _b: with a memoir. |
| 260 |
_aLondon : _bJohn Dicks, _c1864. |
||
| 300 |
_aXII, 1021 p., [1] h. de lám. : _bil. ; _c19 cm. |
||
| 852 |
_aES-MaACL _jD-1737 _z-- Enc. tela _z-- Legado de Modesto de la Fuente |
||
| 999 |
_c165292 _d165292 |
||